Walking Dead Characters by Death - Statistics

General Stats
  • This quiz has been taken 277 times
  • The average score is 12 of 16
Answer Stats
Episode Cause of Death Answer % Correct
S3:E4 Emergency C-Section Lori Grimes
89%
S3:E16 Bitten by Milton Mamet (reincarnated) Andrea
87%
S7:E1 Beaten to death with baseball bat Glenn Rhee
86%
S4:E8 Decapitated with katana Hershel Greene
84%
S4:E8 Stabbed in chest with katana The Governor
79%
S6:E14 Shot through eye with arrow Denise Cloyd
78%
S2:E9 Mercy killed by shot to the head Dale Horvath
75%
S2:E13 Stabbed in stomach Shane Walsh
72%
S7:E16 Suicide by cyanide poisoning Sasha Williams
70%
S8:E9 Bitten on stomach by walker Carl Grimes
69%
S5:E8 Accidentally shot in head Beth Greene
66%
S9:E1 Executed by hanging Gregory
66%
S2:E7 Bitten by walker Sophia Peletier
66%
S7:E8 Stomach cut open with knife Spencer Monroe
64%
S8:E15 Strangled by Negan Simon
61%
S5:E9 Bitten by two walkers Tyreese Williams
52%
No matching quizzes found
Score Distribution
Percent of People with Each Score
Percentile by Number Answered
Your Score History
You have not taken this quiz